| 000 | 00537nam a2200169 4500 | ||
|---|---|---|---|
| 001 | 131028 | ||
| 003 | ES-MaACL | ||
| 005 | 20230906193912.0 | ||
| 007 | t| | ||
| 008 | 070214s1973 sp r ||||1| spa d | ||
| 100 | 1 |
_aRobert, Marthe. _997810 |
|
| 245 | 1 | 0 |
_aNovela de los orígenes y orígenes de la novela / _cMarthe Robert ; [versión española de Rafael Durbán Sánchez]. |
| 260 |
_aMadrid : _bTaurus, _c1973. |
||
| 300 |
_a286 p. ; _c22 cm. |
||
| 700 | 1 |
_aDurbán Sánchez, Rafael. _946283 |
|
| 852 |
_aES-MaACL _jC-56601 _bR.89176 |
||
| 999 |
_c131028 _d131028 |
||